000 00835nam a2200253Ia 4500
003 OSt
005 20220926020719.0
006 a|||||r|||| 00| 0
007 ta
008 220923b |||||||| |||| 00| 0 eng d
037 _cGeneral Book
040 _aRTL
_cRTL
_beng
041 _2eng
_aeng
082 _aV2:91.N6, K9
100 _aBaxter Graig Co.
_9324920
245 0 _aDistrict voting trends in India
_b A research tool
260 _aNew York
_bSouth asia in.s.of internationl affairs columbia Univer. USA
_c1969
300 _axxii, 378p
_ccm.
490 _aColumbia University;Southern Asian Institute School of International Affair, Publication
500 _aAppendix:P.376-78
650 _aElection Method
_9237010
942 _hV2:91.N6, K9
_cGB
_2CC
999 _c634822
_d634822